| 000 | 01010nam a2200217Ia 4500 | ||
|---|---|---|---|
| 003 | OSt | ||
| 005 | 20200728113318.0 | ||
| 008 | 191128s1988 ck ao fr 000 0 spa d | ||
| 040 |
_aCO-JMCR _cCO-JMCR |
||
| 041 | 0 | _aspa | |
| 082 | 0 | 4 |
_a341.23 / _bN124p _223 |
| 110 | 2 |
_aNaciones Unidas. _bPrograma para el Desarrollo _97953 |
|
| 245 | 1 | 0 |
_aPrograma de las Naciones Unidas para el Desarrollo en Colombia 1983 - 1988 / _cPrograma de las Naciones Unidas para el Desarrollo |
| 260 |
_aBogotá : _bPnud, _c1988 |
||
| 300 |
_a80 páginas : _bilustraciones y fotografías a blanco y negro ; _c28 cm. |
||
| 505 | 0 | _aAmérica Latina año 2000 / Augusto Ramírez Ocampo -- Naciones Unidas: fuentes de esperanza para el mundo / Luis Thais Díaz -- Las Naciones Unidas -- Programa de las Naciones Unidas para el desarrollo PNUD en el mundo | |
| 650 | 1 | 4 |
_aOrganismos internacionales _94030 |
| 650 | 1 | 4 |
_aDesarrollo económico _xprogramas _97954 |
| 651 | 2 |
_aColombia _xcondiciones económicas _97526 |
|
| 942 |
_2ddc _cBK |
||
| 999 |
_c4980 _d4980 |
||